Puentes en el desierto (Record no. 181867)

MARC details
000 -LEADER
campo de control de longitud fija 00879nam a2200241 i 4500
001 - NÚMERO DE CONTROL
campo de control 181867
003 - IDENTIFICADOR DE NÚMERO DE CONTROL
campo de control ES-MaACL
005 - FECHA Y HORA DE LA ÚLTIMA TRANSACCIÓN
campo de control 20250523062605.0
008 - DATOS DE LONGITUD FIJA--INFORMACIÓN GENERAL
campo de control de longitud fija 130503s2007 sp a |||| | spa d
020 ## - NÚMERO INTERNACIONAL ESTÁNDAR DEL LIBRO
Número Internacional Estándar del Libro 978-84-9718-483-0
080 ## - NÚMERO DE LA CLASIFICACIÓN DECIMAL UNIVERSAL
Número de la Clasificación Decimal Universal 821.134.2-84"19"
100 1# - ENTRADA PRINCIPAL--NOMBRE DE PERSONA
Nombre de persona Frutos Salvador, Angel de.
9 (RLIN) 52780
245 10 - MENCIÓN DEL TÍTULO
Título Puentes en el desierto
Resto del título : afuerismos /
Mención de responsabilidad, etc. Ángel de Frutos Salvador ; prólogo, Agustín García Calvo ; dibujos, Luis Gordillo.
260 ## - PUBLICACIÓN, DISTRIBUCIÓN, ETC.
Lugar de publicación, distribución, etc. [Valladolid] :
Nombre del editor, distribuidor, etc. Consejería de Cultura y Turismo,
Fecha de publicación, distribución, etc. 2007.
300 ## - DESCRIPCIÓN FÍSICA
Extensión 118 p. :
Otras características físicas il. ;
Dimensiones 22 cm.
490 1# - MENCIÓN DE SERIE
Mención de serie Ensayo las letras
700 1# - ENTRADA AGREGADA--NOMBRE PERSONAL
Nombre de persona García Calvo, Agustín,
Fechas asociadas al nombre 1926-2012
9 (RLIN) 233841
700 1# - ENTRADA AGREGADA--NOMBRE PERSONAL
Nombre de persona Gordillo, Luis.
9 (RLIN) 59141
830 0# - PUNTO DE ACCESO ADICIONAL DE SERIE-TÍTULO UNIFORME
Título uniforme Ensayo las letras
9 (RLIN) 179849
852 ## - LOCALIZACIÓN
Ubicación ES-MaACL
Número de control de estantería A-12686
itemnumber 188775
Sublocalización o colección R.148651
Ubicación en estantería Depósito 1
Signatura antigua Olim: N-5687
942 ## - ELEMENTOS DE ENTRADA SECUNDARIOS (KOHA)
Fuente del sistema de clasificación o colocación Clasificación decimal universal
Tipo de ítem Koha Libro impreso
Holdings
Estatus retirado Estado de pérdida Fuente del sistema de clasificación o colocación Estado de daño No para préstamo Biblioteca de origen Biblioteca actual Ubicación en estantería Fecha de adquisición Fuente de adquisición Total de préstamos Signatura topográfica completa Código de barras Visto por última vez Precio de reemplazo Tipo de ítem Koha
    Clasificación decimal universal     Biblioteca del Ateneo de Madrid Biblioteca del Ateneo de Madrid Depósito 1 03/05/2013 Donación   A-12686 1191125 23/02/2023 23/02/2023 Libro impreso